[Event "IMP Mezczyzn do lat 20"]
[Site "Chotowa"]
[Date "2023.10.31"]
[Round "9.7"]
[White "Pancewicz, Szymon"]
[Black "Ugorek, Kacper"]
[Result "1/2-1/2"]
[BlackElo "1999"]
[WhiteElo "1853"]
[LiveChessVersion "1.4.8"]

1. Nf3 Nf6 {[%clk 1:30:58]} 2. b3 {[%clk 1:26:00]} d5 {[%clk 1:31:44]} 3. Bb2
{[%clk 1:26:11]} Bf5 {[%clk 1:32:08]} 4. e3 {[%clk 1:23:38]} e6 {[%clk 1:32:32]}
5. d4 {[%clk 1:22:59]} h6 {[%clk 1:31:53]} 6. Bd3 {[%clk 1:22:38]} Bxd3
{[%clk 1:32:09]} 7. Qxd3 {[%clk 1:21:02]} Nbd7 {[%clk 1:32:33]} 8. O-O
{[%clk 1:18:54]} c6 9. c4 Bd6 {[%clk 1:30:55]} 10. Nbd2 {[%clk 1:16:04]} O-O
{[%clk 1:31:06]} 11. e4 {[%clk 1:14:22]} dxe4 {[%clk 1:30:04]} 12. Nxe4
{[%clk 1:13:57]} Nxe4 13. Qxe4 {[%clk 1:14:07]} Qe7 {[%clk 1:25:20]} 14. Rad1
{[%clk 1:12:18]} Rfe8 {[%clk 1:22:05]} 15. h3 {[%clk 1:07:03]} Rad8
{[%clk 1:08:59]} 16. Rfe1 {[%clk 1:00:46]} Nf6 {[%clk 1:04:27]} 17. Qe3
{[%clk 0:55:41]} b5 {[%clk 1:01:31]} 18. Ne5 {[%clk 0:50:27]} Qb7 19. Qf3 bxc4
{[%clk 0:53:02]} 20. Qxc6 {[%clk 0:42:05]} Qxc6 {[%clk 0:52:59]} 21. Nxc6
{[%clk 0:42:27]} Rc8 {[%clk 0:51:56]} 22. Nxa7 {[%clk 0:38:54]} Rb8
{[%clk 0:45:41]} 23. Nc6 {[%clk 0:32:35]} Rb6 {[%clk 0:45:15]} 24. Na5
{[%clk 0:29:44]} cxb3 {[%clk 0:45:28]} 25. Nc4 {[%clk 0:27:42]} Rc6
{[%clk 0:43:32]} 26. axb3 {[%clk 0:25:35]} Rb8 {[%clk 0:43:54]} 27. d5
{[%clk 0:13:51]} Rxc4 {[%clk 0:34:53]} 28. bxc4 {[%clk 0:09:59]} Rxb2 29. dxe6
{[%clk 0:10:08]} Be7 {[%clk 0:32:54]} 30. exf7+ {[%clk 0:05:37]} Kxf7
{[%clk 0:33:22]} 31. Rb1 {[%clk 0:05:42]} Rxb1 {[%clk 0:33:23]} 32. Rxb1
{[%clk 0:05:32]} Ne4 {[%clk 0:29:31]} 33. Rb2 {[%clk 0:03:23]} Ke6
{[%clk 0:27:41]} 34. Re2 {[%clk 0:02:17]} Kf5 {[%clk 0:28:09]} 35. g4+
{[%clk 0:01:31]} Kf4 {[%clk 0:28:37]} 36. Kg2 {[%clk 0:01:35]} Bc5
{[%clk 0:27:24]} 37. Rb2 {[%clk 0:00:52]} Ke5 {[%clk 0:23:35]} 38. Rb7
{[%clk 0:00:50]} g5 {[%clk 0:18:06]} 39. Rh7 {[%clk 0:00:46]} Nxf2
{[%clk 0:17:44]} 40. Rxh6 {[%clk 0:30:52]} Ne4 {[%clk 0:47:44]} 41. h4
{[%clk 0:19:47]} gxh4 {[%clk 0:46:53]} 42. Rxh4 {[%clk 0:19:50]} Nd6
{[%clk 0:46:12]} 43. Rh5+ {[%clk 0:17:34]} Kd4 {[%clk 0:46:34]} 44. g5
{[%clk 0:17:44]} Nxc4 {[%clk 0:45:35]} 45. g6 {[%clk 0:17:40]} Bf8
{[%clk 0:46:00]} 46. Rh8 {[%clk 0:17:02]} Bg7 {[%clk 0:46:18]} 47. Rh7
{[%clk 0:16:30]} Bf6 {[%clk 0:46:16]} 48. g7 {[%clk 0:16:25]} Bxg7
{[%clk 0:46:44]} 49. Rxg7 {[%clk 0:16:48]} Ne3+ {[%clk 0:46:30]} 50. Kf3
{[%clk 0:17:04]} Nd5 {[%clk 0:46:47]} 51. Rd7 {[%clk 0:16:59]} Ke5
{[%clk 0:47:07]} 52. Rh7 {[%clk 0:16:57]} Nf6 {[%clk 0:46:45]} 53. Rh6
{[%clk 0:16:48]} Nd5 {[%clk 0:47:10]} 54. Rh5+ {[%clk 0:17:09]} Kd4
{[%clk 0:47:31]} 55. Rf5 {[%clk 0:17:13]} Nc3 {[%clk 0:47:11]} 56. Ra5
{[%clk 0:16:50]} Nd5 {[%clk 0:47:31]} 57. Ke2 {[%clk 0:16:57]} Nc3+
{[%clk 0:47:49]} 58. Kd2 {[%clk 0:17:18]} Ne4+ {[%clk 0:48:10]} 59. Kc2
{[%clk 0:17:26]} Nc5 {[%clk 0:48:38]} 60. Ra8 {[%clk 0:17:31]} Ne4
{[%clk 0:48:59]} 61. Rd8+ {[%clk 0:17:32]} Ke3 {[%clk 0:48:31]} 62. Rd7
{[%clk 0:17:08]} Nc5 {[%clk 0:48:44]} 63. Rd5 {[%clk 0:17:21]} Ne4
{[%clk 0:49:04]} 64. Rd8 {[%clk 0:17:41]} Nf2 {[%clk 0:49:16]} 65. Kc3
{[%clk 0:17:47]} Ne4+ {[%clk 0:49:28]} 66. Kc4 {[%clk 0:18:12]} Nd2+
{[%clk 0:49:47]} 67. Kd5 {[%clk 0:18:27]} Nf3 {[%clk 0:50:11]} 68. Re8+
{[%clk 0:18:30]} Kd3 {[%clk 0:50:19]} 69. Rh8 {[%clk 0:18:42]} Ke3
{[%clk 0:50:37]} 70. Ra8 {[%clk 0:18:23]} Kf4 {[%clk 0:50:34]} 71. Ra4+
{[%clk 0:18:09]} Kf5 {[%clk 0:50:46]} 72. Ra3 {[%clk 0:18:23]} Kf4
{[%clk 0:51:09]} 73. Rd3 {[%clk 0:18:31]} Ng5 {[%clk 0:51:15]} 74. Rd4+
{[%clk 0:18:11]} Kf5 {[%clk 0:51:39]} 75. Rd1 {[%clk 0:17:56]} Nf3
{[%clk 0:51:53]} 76. Rh1 {[%clk 0:17:41]} Kf4 {[%clk 0:52:15]} 77. Rh3
{[%clk 0:17:39]} Kg4 {[%clk 0:52:30]} 78. Rh8 {[%clk 0:17:55]} Kf4
{[%clk 0:52:55]} 79. Rf8+ {[%clk 0:18:02]} Ke3 {[%clk 0:53:03]} 80. Rf7
{[%clk 0:18:22]} Nd2 {[%clk 0:53:08]} 81. Re7+ {[%clk 0:17:45]} Kd3
{[%clk 0:53:27]} 82. Re5 {[%clk 0:17:31]} Nf3 {[%clk 0:53:40]} 83. Re4
{[%clk 0:17:55]} Nd2 {[%clk 0:53:59]} 84. Ra4 {[%clk 0:17:18]} Kc3
{[%clk 0:53:58]} 85. Ra3+ {[%clk 0:17:20]} Nb3 {[%clk 0:54:20]} 86. Ke4
{[%clk 0:17:35]} Kb4 {[%clk 0:54:36]} 87. Ra2 {[%clk 0:17:42]} Nc5+
{[%clk 0:54:49]} 88. Kd5 {[%clk 0:17:52]} Nb3 {[%clk 0:55:11]} 89. Rc2
{[%clk 0:18:11]} Na5 {[%clk 0:55:11]} 90. Rc8 {[%clk 0:18:18]} Nb3
{[%clk 0:55:32]} 91. Rc4+ {[%clk 0:18:09]} Kb5 {[%clk 0:55:56]} 92. Rc3
{[%clk 0:17:51]} Kb4 {[%clk 0:56:11]} 93. Rc4+ {[%clk 0:18:09]} Kb5
{[%clk 0:56:34]} 94. Rc8 {[%clk 0:18:34]} Kb4 {[%clk 0:56:56]} 95. Rc2
{[%clk 0:18:33]} Na5 {[%clk 0:57:16]} 96. Ke4 {[%clk 0:16:26]} Nb3
{[%clk 0:57:37]} 97. Rc8 {[%clk 0:16:35]} Na5 {[%clk 0:57:59]} 98. Kd3
{[%clk 0:16:39]} Kb5 {[%clk 0:58:20]} 99. Rc3 {[%clk 0:15:39]} Kb4
{[%clk 0:58:46]} 100. Rc1 {[%clk 0:15:34]} 1/2-1/2

[Event "IMP Mezczyzn do lat 20"]
[Site "Chotowa"]
[Date "2023.10.31"]
[Round "9.8"]
[White "Zalega, Maciej"]
[Black "Pniaczek, Marek"]
[Result "1-0"]
[BlackElo "2143"]
[WhiteElo "2155"]
[LiveChessVersion "1.4.8"]

1. d4 {[%clk 1:30:59]} Nf6 {[%clk 1:30:55]} 2. Bg5 {[%clk 1:31:26]} Ne4
{[%clk 1:27:11]} 3. Bf4 {[%clk 1:31:39]} d5 {[%clk 1:27:02]} 4. e3
{[%clk 1:32:04]} c5 {[%clk 1:22:39]} 5. Bd3 {[%clk 1:32:27]} Nc6 {[%clk 1:20:53]}
6. Bxe4 {[%clk 1:32:51]} dxe4 {[%clk 1:21:21]} 7. d5 {[%clk 1:33:17]} g5
{[%clk 1:21:49]} 8. Bxg5 {[%clk 1:33:32]} Bg7 {[%clk 1:20:47]} 9. Nc3
{[%clk 1:33:58]} Bxc3+ {[%clk 1:17:37]} 10. bxc3 {[%clk 1:34:23]} Ne5
{[%clk 1:16:36]} 11. Ne2 {[%clk 1:34:43]} Rg8 {[%clk 0:58:10]} 12. Bf4
{[%clk 1:35:07]} Nc4 {[%clk 0:58:26]} 13. Ng3 {[%clk 1:34:47]} b6
{[%clk 0:51:36]} 14. Qh5 {[%clk 1:30:18]} Ba6 {[%clk 0:39:35]} 15. Qxh7
{[%clk 1:26:38]} Rg6 {[%clk 0:39:08]} 16. Qh8+ {[%clk 1:12:07]} Kd7
{[%clk 0:39:15]} 17. Qh3+ {[%clk 1:12:32]} Ke8 {[%clk 0:39:37]} 18. O-O
{[%clk 1:12:33]} Qc8 {[%clk 0:38:32]} 19. Nf5 {[%clk 1:07:05]} Nd6
{[%clk 0:33:13]} 20. Bxd6 {[%clk 1:01:09]} exd6 {[%clk 0:32:50]} 21. Rfe1
{[%clk 0:59:56]} Qd8 {[%clk 0:31:36]} 22. Ng3 {[%clk 0:58:01]} Bc8
{[%clk 0:29:51]} 23. Qh8+ {[%clk 0:56:52]} Kd7 {[%clk 0:29:57]} 24. Qxd8+
{[%clk 0:53:36]} Kxd8 {[%clk 0:30:24]} 25. Nxe4 {[%clk 0:53:59]} Bf5
{[%clk 0:30:48]} 26. Ng3 {[%clk 0:54:19]} Bxc2 {[%clk 0:31:09]} 27. e4
{[%clk 0:54:29]} f6 {[%clk 0:31:05]} 28. Nf5 {[%clk 0:50:19]} Kd7
{[%clk 0:31:04]} 29. f3 {[%clk 0:50:23]} Rag8 {[%clk 0:31:07]} 30. g4
{[%clk 0:50:43]} b5 {[%clk 0:30:10]} 31. Kf2 {[%clk 0:47:15]} a5 {[%clk 0:28:38]}
32. Rec1 {[%clk 0:41:54]} Ba4 {[%clk 0:28:08]} 33. a3 {[%clk 0:40:08]} Bb3
{[%clk 0:26:53]} 34. h4 {[%clk 0:40:15]} Ra8 {[%clk 0:27:06]} 35. h5
{[%clk 0:39:51]} Rgg8 {[%clk 0:27:26]} 36. h6 {[%clk 0:39:29]} a4
{[%clk 0:27:26]} 37. Rh1 {[%clk 0:38:25]} b4 {[%clk 0:25:48]} 38. cxb4
{[%clk 0:36:01]} cxb4 {[%clk 0:26:16]} 39. axb4 {[%clk 0:35:55]} a3
{[%clk 0:26:45]} 40. Rhc1 {[%clk 1:04:51]} a2 {[%clk 0:54:39]} 41. Nd4
{[%clk 1:05:14]} 1-0

[Event "IMP Mezczyzn do lat 20"]
[Site "Chotowa"]
[Date "2023.10.31"]
[Round "9.9"]
[White "Stachowicz, Hubert"]
[Black "Fiedorek, Michal"]
[Result "1/2-1/2"]
[BlackElo "2334"]
[WhiteElo "1583"]
[LiveChessVersion "1.4.8"]

1. d4 {[%clk 1:30:56]} Nf6 {[%clk 1:27:14]} 2. c4 {[%clk 1:31:22]} g6
{[%clk 1:27:39]} 3. Nc3 {[%clk 1:31:44]} Bg7 {[%clk 1:28:01]} 4. e4
{[%clk 1:32:08]} d6 {[%clk 1:28:28]} 5. f3 {[%clk 1:31:13]} O-O {[%clk 1:28:49]}
6. Be3 {[%clk 1:31:35]} Nbd7 {[%clk 1:29:05]} 7. Nge2 {[%clk 1:31:37]} a6
{[%clk 1:29:26]} 8. Ng3 {[%clk 1:30:56]} h5 {[%clk 1:26:06]} 9. Bd3
{[%clk 1:30:34]} c6 {[%clk 1:23:58]} 10. Qd2 {[%clk 1:29:07]} b5 {[%clk 1:22:58]}
11. O-O {[%clk 1:24:38]} bxc4 {[%clk 1:06:47]} 12. Bxc4 {[%clk 1:24:53]} d5
{[%clk 1:07:07]} 13. Bb3 {[%clk 1:23:32]} h4 {[%clk 1:05:27]} 14. Nge2
{[%clk 1:19:28]} Nb6 {[%clk 1:01:03]} 15. Nf4 {[%clk 1:14:13]} a5
{[%clk 0:57:25]} 16. e5 {[%clk 1:04:42]} Nh7 {[%clk 0:57:43]} 17. Qf2
{[%clk 1:04:34]} Bf5 {[%clk 0:48:12]} 18. Na4 {[%clk 0:50:00]} Nxa4
{[%clk 0:38:24]} 19. Bxa4 {[%clk 0:50:28]} c5 {[%clk 0:38:47]} 20. dxc5
{[%clk 0:39:46]} Bxe5 21. Rad1 {[%clk 0:39:08]} e6 {[%clk 0:32:35]} 22. Nd3
{[%clk 0:34:40]} Bg7 {[%clk 0:30:38]} 23. Bf4 {[%clk 0:24:26]} Bxd3
{[%clk 0:24:49]} 24. Rxd3 {[%clk 0:24:25]} e5 {[%clk 0:25:12]} 25. Bc1
{[%clk 0:18:39]} d4 {[%clk 0:24:46]} 26. b3 {[%clk 0:18:57]} Qe7 {[%clk 0:21:52]}
27. c6 {[%clk 0:09:07]} Rfc8 {[%clk 0:21:43]} 28. Qe2 {[%clk 0:08:50]} h3
{[%clk 0:16:59]} 29. Re1 {[%clk 0:06:42]} Re8 {[%clk 0:12:44]} 30. c7
{[%clk 0:03:48]} Rec8 {[%clk 0:13:10]} 31. f4 {[%clk 0:03:44]} Rxc7
{[%clk 0:08:46]} 32. Bb2 {[%clk 0:03:58]} e4 {[%clk 0:06:33]} 33. Qxe4
{[%clk 0:02:27]} Qxe4 {[%clk 0:06:59]} 34. Rxe4 {[%clk 0:02:53]} Rc2
{[%clk 0:07:22]} 35. Bxd4 {[%clk 0:01:40]} Rxg2+ {[%clk 0:07:47]} 36. Kh1
{[%clk 0:01:52]} f5 {[%clk 0:01:27]} 37. Re1 {[%clk 0:00:36]} Bxd4
{[%clk 0:01:30]} 38. Rxd4 {[%clk 0:01:00]} Rxa2 {[%clk 0:01:09]} 39. Rd3
{[%clk 0:01:01]} Nf6 {[%clk 0:01:19]} 40. Rxh3 {[%clk 0:31:12]} Ne4
{[%clk 0:31:12]} 41. Rhe3 {[%clk 0:27:34]} Rc8 {[%clk 0:22:32]} 42. Bb5
{[%clk 0:26:44]} Rcc2 {[%clk 0:21:14]} 43. R1e2 {[%clk 0:25:04]} Kg7
{[%clk 0:15:24]} 44. Rxc2 {[%clk 0:18:39]} Rxc2 {[%clk 0:15:49]} 45. Re2
{[%clk 0:16:28]} Rxe2 {[%clk 0:15:32]} 46. Bxe2 {[%clk 0:16:54]} Nd2
{[%clk 0:15:53]} 47. Bd1 {[%clk 0:16:46]} Kf6 {[%clk 0:12:57]} 48. Kg2
{[%clk 0:17:04]} Ke6 {[%clk 0:13:12]} 49. Bc2 {[%clk 0:16:41]} Kd5
{[%clk 0:12:54]} 50. h4 {[%clk 0:15:05]} Kd4 {[%clk 0:06:09]} 51. h5
{[%clk 0:12:29]} gxh5 {[%clk 0:06:35]} 52. Bxf5 {[%clk 0:12:40]} Ke3
{[%clk 0:02:40]} 53. Bg6 {[%clk 0:11:44]} Kxf4 {[%clk 0:03:05]} 54. Bxh5
{[%clk 0:12:04]} Ke3 {[%clk 0:03:10]} 55. Bf7 {[%clk 0:11:45]} Kd3
{[%clk 0:02:50]} 56. Kf2 {[%clk 0:12:11]} Kc3 {[%clk 0:03:08]} 57. Ke2
{[%clk 0:12:35]} Nxb3 {[%clk 0:03:31]} 58. Be8 {[%clk 0:12:44]} Nd2
{[%clk 0:03:19]} 59. Kd1 {[%clk 0:12:54]} Nc4 {[%clk 0:03:35]} 60. Kc1
{[%clk 0:13:04]} Nd6 {[%clk 0:04:01]} 61. Ba4 {[%clk 0:13:15]} Kb4
{[%clk 0:03:52]} 62. Bd7 {[%clk 0:13:05]} Ne4 {[%clk 0:04:06]} 63. Be8
{[%clk 0:13:20]} Nc5 {[%clk 0:04:32]} 64. Kb2 {[%clk 0:13:30]} a4
{[%clk 0:04:55]} 65. Bxa4 {[%clk 0:13:51]} Nxa4+ {[%clk 0:05:21]} 1/2-1/2

[Event "IMP Mezczyzn do lat 20"]
[Site "Chotowa"]
[Date "2023.10.31"]
[Round "9.10"]
[White "Zielonka, Adam"]
[Black "Karut, Kacper"]
[Result "1-0"]
[BlackElo "2093"]
[WhiteElo "2059"]
[LiveChessVersion "1.4.8"]

1. e4 {[%clk 1:30:59]} c5 {[%clk 1:30:54]} 2. Nf3 {[%clk 1:31:23]} Nc6
{[%clk 1:31:21]} 3. Bb5 {[%clk 1:31:05]} e6 {[%clk 1:31:31]} 4. O-O
{[%clk 1:31:12]} Nge7 {[%clk 1:31:56]} 5. Re1 {[%clk 1:30:40]} a6
{[%clk 1:32:22]} 6. Bf1 {[%clk 1:31:01]} d5 {[%clk 1:32:47]} 7. exd5
{[%clk 1:30:45]} Nxd5 {[%clk 1:33:11]} 8. d4 {[%clk 1:30:43]} cxd4
{[%clk 1:32:10]} 9. Nxd4 {[%clk 1:29:44]} Nf6 {[%clk 1:18:26]} 10. Nxc6
{[%clk 1:29:14]} Qxd1 {[%clk 1:18:04]} 11. Rxd1 {[%clk 1:29:43]} bxc6
{[%clk 1:18:27]} 12. g3 Rb8 {[%clk 1:15:17]} 13. Bg2 {[%clk 1:27:58]} Bd7
{[%clk 1:14:22]} 14. b3 {[%clk 1:26:27]} Be7 {[%clk 1:11:04]} 15. Bf4
{[%clk 1:24:23]} Rc8 {[%clk 1:08:58]} 16. c4 {[%clk 1:24:12]} Ng4
{[%clk 1:02:29]} 17. Nc3 {[%clk 1:19:50]} e5 {[%clk 0:54:07]} 18. Bd2
{[%clk 1:17:31]} f5 {[%clk 0:50:42]} 19. Na4 {[%clk 1:15:28]} e4 {[%clk 0:40:11]}
20. Bc3 {[%clk 1:02:16]} Bf6 {[%clk 0:32:52]} 21. Bxf6 {[%clk 1:01:06]} Nxf6
{[%clk 0:33:20]} 22. Nc5 {[%clk 1:01:02]} a5 {[%clk 0:32:07]} 23. f3
{[%clk 0:50:39]} exf3 {[%clk 0:28:19]} 24. Bxf3 {[%clk 0:50:55]} Ke7
{[%clk 0:23:09]} 25. Re1+ {[%clk 0:49:02]} Kf7 {[%clk 0:22:40]} 26. Re5
{[%clk 0:47:53]} Rhd8 {[%clk 0:16:31]} 27. Nb7 {[%clk 0:47:15]} 1-0

[Event "IMP Mezczyzn do lat 20"]
[Site "Chotowa"]
[Date "2023.10.31"]
[Round "9.11"]
[White "Suska, Szymon"]
[Black "Marciniak, Leonard"]
[Result "1-0"]
[BlackElo "1856"]
[WhiteElo "2040"]
[LiveChessVersion "1.4.8"]

1. c4 {[%clk 1:30:40]} e6 {[%clk 1:30:30]} 2. d4 {[%clk 1:30:57]} d5
{[%clk 1:30:53]} 3. Nf3 {[%clk 1:31:22]} Nf6 {[%clk 1:30:14]} 4. Nc3
{[%clk 1:31:40]} c6 {[%clk 1:26:09]} 5. cxd5 {[%clk 1:31:57]} exd5
{[%clk 1:25:47]} 6. Bg5 {[%clk 1:32:20]} Bd6 {[%clk 1:25:07]} 7. e3
{[%clk 1:31:43]} Bf5 {[%clk 1:24:22]} 8. Bd3 {[%clk 1:30:25]} Bxd3
{[%clk 1:24:06]} 9. Qxd3 {[%clk 1:30:52]} Nbd7 {[%clk 1:24:09]} 10. O-O
{[%clk 1:30:14]} O-O {[%clk 1:22:52]} 11. Qf5 {[%clk 1:24:00]} Re8
{[%clk 1:17:26]} 12. Rab1 {[%clk 1:19:21]} a5 {[%clk 1:07:04]} 13. Rfe1
{[%clk 1:04:51]} g6 {[%clk 1:06:05]} 14. Qh3 {[%clk 1:01:57]} h5 {[%clk 0:54:19]}
15. e4 {[%clk 0:45:43]} dxe4 {[%clk 0:54:16]} 16. Nxe4 {[%clk 0:44:16]} Be7
{[%clk 0:51:24]} 17. Bxf6 {[%clk 0:25:26]} Nxf6 {[%clk 0:49:31]} 18. Qg3
{[%clk 0:22:17]} Bb4 {[%clk 0:35:27]} 19. Nxf6+ {[%clk 0:14:29]} Qxf6
{[%clk 0:35:54]} 20. Rxe8+ {[%clk 0:13:37]} Rxe8 {[%clk 0:36:21]} 21. Qc7
{[%clk 0:09:48]} Qf5 {[%clk 0:26:44]} 22. Rf1 {[%clk 0:09:36]} Qc8
{[%clk 0:20:04]} 23. Qxc8 {[%clk 0:09:20]} Rxc8 {[%clk 0:20:32]} 24. a3
{[%clk 0:09:00]} Be7 {[%clk 0:20:16]} 25. Rd1 {[%clk 0:08:11]} Rd8
{[%clk 0:19:07]} 26. Kf1 {[%clk 0:07:51]} Bf6 {[%clk 0:19:00]} 27. Rd2
{[%clk 0:06:10]} g5 {[%clk 0:18:34]} 28. Ke1 {[%clk 0:04:40]} g4 {[%clk 0:15:03]}
29. Ne5 {[%clk 0:05:02]} c5 {[%clk 0:12:20]} 30. Nc4 {[%clk 0:04:47]} Rxd4
{[%clk 0:09:32]} 31. Rxd4 {[%clk 0:02:54]} Bxd4 {[%clk 0:10:01]} 32. a4
{[%clk 0:03:15]} Kf8 {[%clk 0:04:17]} 33. Nxa5 {[%clk 0:03:10]} Bxb2
{[%clk 0:04:21]} 34. Nxb7 {[%clk 0:03:36]} c4 {[%clk 0:03:22]} 35. a5
{[%clk 0:02:29]} Bd4 {[%clk 0:03:28]} 36. a6 {[%clk 0:01:11]} Ke7
{[%clk 0:02:13]} 37. Na5 {[%clk 0:01:03]} Kd7 {[%clk 0:02:04]} 38. Nxc4
{[%clk 0:01:24]} Kc6 {[%clk 0:02:25]} 39. Ke2 {[%clk 0:00:48]} f6
{[%clk 0:02:11]} 40. f4 {[%clk 0:30:37]} Kb5 {[%clk 0:30:40]} 41. Kd3
{[%clk 0:29:13]} Bg1 {[%clk 0:30:28]} 42. h3 {[%clk 0:29:17]} gxh3
{[%clk 0:29:06]} 43. gxh3 {[%clk 0:29:44]} Kxa6 {[%clk 0:28:47]} 44. Ke4
{[%clk 0:29:40]} Kb5 {[%clk 0:28:56]} 45. Nd6+ {[%clk 0:29:56]} Kc5
{[%clk 0:25:06]} 46. Ne8 {[%clk 0:30:07]} Bd4 {[%clk 0:23:52]} 47. Kf5
{[%clk 0:29:38]} h4 {[%clk 0:22:48]} 48. Nxf6 {[%clk 0:30:00]} Kd6
{[%clk 0:22:56]} 49. Ng4 {[%clk 0:29:33]} Ke7 {[%clk 0:20:51]} 50. Kg5
{[%clk 0:28:27]} Ke6 {[%clk 0:21:20]} 51. f5+ {[%clk 0:28:13]} Kf7
{[%clk 0:21:22]} 52. Kxh4 {[%clk 0:28:11]} Kg7 {[%clk 0:21:26]} 53. Kg5
{[%clk 0:28:28]} Kf7 {[%clk 0:21:39]} 54. f6 {[%clk 0:28:42]} Bc3
{[%clk 0:21:58]} 55. Kf5 {[%clk 0:29:04]} Bd2 {[%clk 0:21:58]} 56. Ne5+
{[%clk 0:29:27]} Kf8 {[%clk 0:22:16]} 57. Kg6 {[%clk 0:29:44]} Bb4
{[%clk 0:22:27]} 58. h4 {[%clk 0:29:48]} Kg8 {[%clk 0:22:46]} 59. h5
{[%clk 0:30:02]} Kh8 {[%clk 0:22:54]} 60. h6 {[%clk 0:30:19]} 1-0

[Event "IMP Mezczyzn do lat 20"]
[Site "Chotowa"]
[Date "2023.10.31"]
[Round "9.12"]
[White "Zieba, Hubert"]
[Black "Lis, Maksymilian"]
[Result "1/2-1/2"]
[BlackElo "1937"]
[WhiteElo "1805"]
[LiveChessVersion "1.4.8"]

1. d4 {[%clk 1:30:58]} d5 {[%clk 1:30:25]} 2. c4 {[%clk 1:31:22]} e6
{[%clk 1:30:40]} 3. Nf3 {[%clk 1:31:48]} Nf6 {[%clk 1:31:06]} 4. g3
{[%clk 1:32:15]} dxc4 {[%clk 1:31:32]} 5. Bg2 {[%clk 1:32:41]} Nc6
{[%clk 1:31:58]} 6. Qa4 {[%clk 1:32:31]} Bb4+ {[%clk 1:32:23]} 7. Bd2
{[%clk 1:31:49]} Nd5 {[%clk 1:32:47]} 8. Bxb4 {[%clk 1:23:11]} Ndxb4
{[%clk 1:33:08]} 9. a3 {[%clk 1:21:01]} b5 {[%clk 1:10:43]} 10. Qd1
{[%clk 1:10:59]} Nd5 {[%clk 1:09:56]} 11. a4 {[%clk 1:10:56]} b4 {[%clk 1:09:46]}
12. O-O {[%clk 1:08:19]} O-O {[%clk 1:07:13]} 13. Ne5 {[%clk 1:04:13]} Nxe5
{[%clk 1:07:23]} 14. dxe5 {[%clk 1:04:40]} Rb8 {[%clk 1:02:05]} 15. Qd4
{[%clk 1:03:53]} Nb6 {[%clk 1:01:48]} 16. Qc5 {[%clk 1:04:06]} Ba6
{[%clk 0:50:20]} 17. Qxb4 {[%clk 0:58:31]} Nd7 {[%clk 0:43:17]} 18. Qa5
{[%clk 0:56:53]} Qc8 {[%clk 0:43:22]} 19. Bc6 {[%clk 0:52:31]} Rb6
{[%clk 0:42:57]} 20. Bxd7 {[%clk 0:50:08]} Qxd7 {[%clk 0:43:20]} 21. Nd2
{[%clk 0:46:58]} Qc6 {[%clk 0:42:48]} 22. Qc3 {[%clk 0:44:11]} Rfb8
{[%clk 0:42:00]} 23. Ra2 {[%clk 0:43:57]} Qd5 {[%clk 0:37:15]} 24. Rc1
{[%clk 0:42:04]} h6 {[%clk 0:34:50]} 25. Nxc4 {[%clk 0:41:08]} Rb4
{[%clk 0:32:37]} 26. b3 {[%clk 0:40:07]} Rxb3 {[%clk 0:31:30]} 27. Qc2
{[%clk 0:40:26]} Bxc4 {[%clk 0:30:05]} 28. Qxc4 {[%clk 0:40:49]} Qxe5
{[%clk 0:16:38]} 29. Qxc7 {[%clk 0:40:49]} Qe4 {[%clk 0:16:31]} 30. Qc6
{[%clk 0:36:07]} Qxc6 {[%clk 0:12:20]} 31. Rxc6 {[%clk 0:36:32]} R8b6
{[%clk 0:12:30]} 32. Rc7 {[%clk 0:35:36]} Rb7 {[%clk 0:11:58]} 33. Rac2
{[%clk 0:34:52]} R3b6 {[%clk 0:10:23]} 34. Rxb7 {[%clk 0:33:45]} Rxb7
{[%clk 0:10:50]} 35. Rc8+ {[%clk 0:34:11]} Kh7 {[%clk 0:11:17]} 36. Kg2
{[%clk 0:34:17]} Kg6 {[%clk 0:11:30]} 37. Rc6 {[%clk 0:34:41]} Kf6
{[%clk 0:11:46]} 38. Kf3 {[%clk 0:33:48]} Ke5 {[%clk 0:11:16]} 39. e3
{[%clk 0:32:48]} Kd5 {[%clk 0:11:28]} 40. Ra6 {[%clk 1:03:14]} g6
{[%clk 0:40:23]} 41. h4 {[%clk 1:02:28]} h5 {[%clk 0:40:01]} 42. Kf4
{[%clk 1:02:44]} 1/2-1/2

[Event "IMP Mezczyzn do lat 20"]
[Site "Chotowa"]
[Date "2023.10.31"]
[Round "9.13"]
[White "Walaszczyk, Aleksander"]
[Black "Borowik, Wojciech"]
[Result "1/2-1/2"]
[BlackElo "1902"]
[WhiteElo "1731"]
[LiveChessVersion "1.4.8"]

1. e4 {[%clk 1:30:57]} c5 {[%clk 1:29:12]} 2. Nf3 {[%clk 1:31:19]} g6
{[%clk 1:24:42]} 3. d4 {[%clk 1:30:11]} cxd4 {[%clk 1:25:07]} 4. Qxd4
{[%clk 1:30:09]} Nf6 {[%clk 1:25:26]} 5. Nc3 {[%clk 1:30:32]} Nc6
{[%clk 1:25:06]} 6. Qa4 {[%clk 1:30:55]} d6 {[%clk 1:24:44]} 7. e5
{[%clk 1:31:14]} dxe5 {[%clk 1:24:40]} 8. Nxe5 {[%clk 1:31:38]} Bd7
{[%clk 1:24:47]} 9. Nxd7 {[%clk 1:32:00]} Nxd7 {[%clk 1:23:10]} 10. Bb5
{[%clk 1:32:20]} Bg7 {[%clk 1:14:59]} 11. O-O {[%clk 1:30:55]} O-O
{[%clk 1:08:12]} 12. Rd1 {[%clk 1:22:21]} Qc8 {[%clk 1:00:42]} 13. Nd5
{[%clk 1:17:46]} Re8 {[%clk 0:58:23]} 14. c3 {[%clk 1:15:15]} e6 {[%clk 0:34:19]}
15. Bxc6 {[%clk 1:10:58]} bxc6 {[%clk 0:31:41]} 16. Nb4 {[%clk 1:06:12]} Ne5
{[%clk 0:30:55]} 17. Na6 {[%clk 0:55:00]} Qb7 {[%clk 0:27:01]} 18. Be3
{[%clk 0:52:23]} Red8 {[%clk 0:25:33]} 19. b3 {[%clk 0:43:11]} Nd3
{[%clk 0:14:58]} 20. Rxd3 {[%clk 0:38:59]} Rxd3 {[%clk 0:14:37]} 21. Nc5
{[%clk 0:39:22]} Rad8 {[%clk 0:14:50]} 22. Rf1 {[%clk 0:38:48]} Qb5
{[%clk 0:11:58]} 23. Qxb5 {[%clk 0:34:44]} cxb5 {[%clk 0:12:26]} 24. Nxd3
{[%clk 0:35:06]} Rxd3 {[%clk 0:12:46]} 25. c4 {[%clk 0:34:13]} bxc4
{[%clk 0:05:26]} 26. bxc4 {[%clk 0:34:34]} Ra3 {[%clk 0:02:16]} 27. Rc1
{[%clk 0:28:55]} Rxa2 {[%clk 0:02:06]} 28. f4 {[%clk 0:26:39]} Ra6
{[%clk 0:01:07]} 29. Rb1 {[%clk 0:24:34]} Ra1 {[%clk 0:00:36]} 30. Rxa1
{[%clk 0:24:32]} Bxa1 31. Bxa7 {[%clk 0:22:24]} Kf8 {[%clk 0:01:28]} 32. Kf2
{[%clk 0:21:31]} Ke7 {[%clk 0:01:07]} 33. Ke3 {[%clk 0:21:01]} e5
{[%clk 0:00:54]} 34. g4 {[%clk 0:19:55]} f5 {[%clk 0:00:36]} 35. gxf5
{[%clk 0:19:46]} gxf5 {[%clk 0:00:58]} 36. fxe5 {[%clk 0:20:02]} Bxe5
{[%clk 0:01:14]} 37. h3 {[%clk 0:20:08]} Ke6 {[%clk 0:01:13]} 38. Kf3
{[%clk 0:15:51]} Bc7 {[%clk 0:01:22]} 39. Bd4 {[%clk 0:15:47]} Bd6
{[%clk 0:01:30]} 40. Bf2 {[%clk 0:44:10]} Bc7 {[%clk 0:31:04]} 41. Be3
{[%clk 0:44:04]} Be5 {[%clk 0:27:29]} 42. Bh6 {[%clk 0:41:45]} Bb2
{[%clk 0:27:27]} 43. h4 {[%clk 0:41:23]} Be5 {[%clk 0:15:32]} 44. h5
{[%clk 0:39:23]} Bd4 {[%clk 0:14:12]} 45. Bf8 {[%clk 0:38:12]} Kf6
{[%clk 0:12:46]} 46. Bh6 {[%clk 0:37:32]} Ke6 {[%clk 0:12:44]} 47. Bc1
{[%clk 0:37:07]} Be5 {[%clk 0:12:41]} 48. Be3 {[%clk 0:36:26]} Bg7
{[%clk 0:12:24]} 49. Bc5 {[%clk 0:35:28]} Bh6 {[%clk 0:11:17]} 50. Bd4
{[%clk 0:35:45]} Bg5 {[%clk 0:11:26]} 51. Ke2 {[%clk 0:35:27]} Bh6
{[%clk 0:10:06]} 52. Kd3 {[%clk 0:35:39]} Bg5 {[%clk 0:10:17]} 53. Bg7
{[%clk 0:32:45]} Kf7 {[%clk 0:06:43]} 54. Bh8 {[%clk 0:32:20]} Bf6
{[%clk 0:02:15]} 55. Bxf6 {[%clk 0:32:34]} Kxf6 {[%clk 0:02:43]} 56. h6
{[%clk 0:32:28]} Ke5 {[%clk 0:02:14]} 57. Ke3 {[%clk 0:31:27]} f4+
{[%clk 0:01:50]} 58. Kf3 {[%clk 0:31:49]} Kd4 {[%clk 0:02:14]} 59. Kxf4
{[%clk 0:31:40]} Kxc4 {[%clk 0:02:39]} 60. Ke4 {[%clk 0:30:45]} Kc5
{[%clk 0:03:05]} 61. Ke5 {[%clk 0:30:17]} Kc6 {[%clk 0:03:30]} 62. Ke6
{[%clk 0:30:41]} Kc7 {[%clk 0:03:54]} 63. Ke7 {[%clk 0:30:49]} Kc8
{[%clk 0:04:17]} 64. Kf6 {[%clk 0:30:53]} Kd7 {[%clk 0:04:40]} 65. Kf7
{[%clk 0:31:10]} Kd8 {[%clk 0:05:05]} 66. Kg8 {[%clk 0:31:30]} Ke8
{[%clk 0:05:26]} 67. Kxh7 {[%clk 0:31:45]} Kf7 {[%clk 0:05:37]} 68. Kh8
{[%clk 0:32:09]} Kf8 {[%clk 0:06:03]} 69. h7 {[%clk 0:32:15]} Kf7
{[%clk 0:06:28]} 1/2-1/2